Štúdium vlastností SiOx vrstiev na polymérnej podložke

Saved in:
Bibliographic Details
Main Author: Prosnan, Branislav (Author)
Format: Manuscript Book
Language:Slovak
Published: Bratislava : STU v Bratislave FCHPT, 2003
Edition:Obháj.: 3.6.2003
Tags: Add Tag
No Tags, Be the first to tag this record!

MARC

LEADER 00000ntm a22000003a 4500
001 stu80784
005 20150617225637.2
008 030605s2003----xo------------------slo-d
040 |a STU  |b slo 
041 0 |a slo 
044 |a xo 
100 1 |a Prosnan, Branislav  |4 aut  |u C975  |U FCHPT Fakulta chemickej a potravinárskej technológie  |T FCHPT Doktorandi  |U C975  |Y 542 
245 1 |a Štúdium vlastností SiOx vrstiev na polymérnej podložke 
250 |a Obháj.: 3.6.2003 
260 |a Bratislava :  |b STU v Bratislave FCHPT,  |c 2003 
300 |a 61 s. Tab.,grafy,lit 
500 |a Odbor: Polymérne materiályŠpec.: Polygrafia a aplikovaná fotochémia 
996 |b 284C030043  |c C*D13786  |l CCI  |s A  |a 24  |w stu80784_0001